Grammaire progressive du Français avec 600 exercices

Guardado en:
Detalles Bibliográficos
Autor principal: Grégoire, Maia
Otros Autores: Thiévenaz, Odile
Formato: Libro
Lenguaje:francés
Publicado: Paris CLE international 2003
Edición:nouvelle édition
Materias:
Etiquetas: Agregar Etiqueta
Sin Etiquetas, Sea el primero en etiquetar este registro!

MARC

LEADER 00000nam a2200000 4500
001 0127770
005 20240315120704.0
020 |a 209-033848-2 
041 0 |a fre 
044 |a FR 
245 1 0 |a Grammaire progressive du Français  |b avec 600 exercices  |c Maia Grégoire, Odile Thiévenaz avec la collaboration de Elisabeth Franco et Alina Kostucki 
250 |a nouvelle édition 
264 1 |a Paris  |b CLE international  |c 2003 
300 |a 271 s. 
610 2 0 |a gramatika 
610 2 0 |a francúzština 
610 2 0 |a jazyky cudzie 
610 2 0 |a jazykoveda 
610 2 0 |a terminológia 
100 1 |a Grégoire, Maia 
700 1 |a Thiévenaz, Odile